Ťažisko slovenského kapitálového trhu v obchodoch s dlhopismi

Faktory, ktoré ovplyvnili výrazné oživenie slovenského kapitálového trhu r. 1996. Dôvera v stabilitu slovenskej koruny a vysoké úrokové sadzby lákadlom pre zahraničný kapitál. Výhody financovania dlhopismi oproti úverovému financovaniu. Zavedenie burzového indexu dlhopisov. Slovenský dlhopisový inde...

Descrizione completa

Salvato in:
Dettagli Bibliografici
Autore principale: Benák, M.
Natura: Capitolo di libro
Lingua:slovacco
Soggetti:
Tags: Aggiungi Tag
Nessun Tag, puoi essere il primo ad aggiungerne!!

MARC

LEADER 00000naa a2200000 4500
001 r021820
005 20230801110159.0
041 0 |a slo 
044 |a SK 
245 1 0 |a Ťažisko slovenského kapitálového trhu v obchodoch s dlhopismi  |c M. Benák 
520 |a Faktory, ktoré ovplyvnili výrazné oživenie slovenského kapitálového trhu r. 1996. Dôvera v stabilitu slovenskej koruny a vysoké úrokové sadzby lákadlom pre zahraničný kapitál. Výhody financovania dlhopismi oproti úverovému financovaniu. Zavedenie burzového indexu dlhopisov. Slovenský dlhopisový index (SDX). 
610 2 0 |a Slovensko 
610 2 0 |a 1996 
610 2 0 |a trh kapitálový 
610 2 0 |a dlhopisy 
610 2 0 |a indexy burzové 
100 1 |a Benák, M.